000 00290nam a2200133Ia 4500
100 _aJenson/K./ Wirth/N.
942 _cBK
654 _apascal
245 _aPascal User Manual & Report
260 _bNarosa Pub House
_aNew Delhi
_c1993
300 _a130
546 _aENGLISH
999 _c27618
_d27618